| 000 | 00616nam a22002057a 4500 | ||
|---|---|---|---|
| 999 |
_c5701 _d5701 |
||
| 003 | GBCCL | ||
| 005 | 20241126110548.0 | ||
| 008 | 180404b ||||| |||| 00| 0 eng d | ||
| 020 | _a8190084917 | ||
| 040 | _cgbc | ||
| 082 |
_a220.082 _bWOO |
||
| 100 |
_aWood, Beulah _91994 |
||
| 245 |
_aJesus talks to women: _bTen studies for groups exploring Jesus' conversations with women / _cEdited by Beulah Wood |
||
| 250 | _aReprinted | ||
| 260 |
_aBangalore: _bSAIACS Publications, _c2002 |
||
| 300 |
_a39 p.; _c22 cm. |
||
| 440 |
_aProbing Bible Patterns _910299 |
||
| 650 |
_aWomen in the Bible _91872 |
||
| 942 |
_2ddc _cBK |
||